000 00847nam a2200205 u 4500
001 000491929
003 AM-YeHGA
005 20250617134411.0
008 060607s1983 r 000 0 rus d
040 _aAM-YeHGA
041 0 _arus
100 1 _aГершберг, Анатолий Евгеньевич
245 1 0 _aМногосигнальные видиконы :
_b(для прикладных и бытовых камер) /
_cА.Е. Гершберг, Г.И. Вишневский.
260 _aЛенинград :
_bЭнергоатомиздат. Ленингр. отд-ние,
_c1983.
300 _a144 с. :
_bил.
504 _aБиблиогр. 41 назв.
650 1 4 _aПередача изображения. Телевидение
700 1 _aВишневский, Григорий Исаакович
090 _c182790
999 _c181339
_d181339